000 00618nam a22001457a 4500
020 _a978-0-00-752050-3
082 _a823
_bCOE/M
100 _aCOELHO, PAULO
245 _aMANUSCRIPT FOUND IN ACCRA
260 _aLONDON
_bHARPER VOLLINS
_c2013
300 _a194
520 _aThe novel unfolds as a sequence of parables exploring the meaning and value of love, faith, sex, friendship, beauty, bravery, loyalty, success, and community, and uncovering the sources of human fears and anxieties. Manuscript Found in Accra is a novel that is thought-provoking and inspiring.
650 _aNOVEL
_zUNITED KINGDOM
942 _cBK
999 _c2940
_d2940